[Event "45th FIDE Chess Olympiad Open"]
[Site "Budapest, Hungary"]
[Date "2024.09.22"]
[Round "11"]
[White "Efimov, Igor"]
[Black "Krieger, Markus"]
[Result "1-0"]
[Board "198"]
[WhiteFideId "806404"]
[BlackFideId "4669533"]
[WhiteTitle "GM"]
[WhiteElo "2338"]
[BlackElo "2153"]
[WhiteTeam "Monaco"]
[BlackTeam "Liechtenstein"]
[WhiteClock "0:12:01"]
[BlackClock "0:00:54"]
[Variant "Standard"]

1. Nf3 {[%clk 1:30:36]}  d5 {[%clk 1:30:50]} 2. g3 {[%clk 1:29:41]}  g6 {[%clk 1:30:57]} 3. Bg2 {[%clk 1:29:01]}  Bg7 {[%clk 1:31:13]} 4. d4 {[%clk 1:29:15]}  Nf6 {[%clk 1:31:03]} 5. O-O {[%clk 1:29:15]}  Nbd7 {[%clk 1:30:39]} 6. b3 {[%clk 1:26:19]}  O-O {[%clk 1:27:07]} 7. Bb2 {[%clk 1:23:02]}  Ne4 {[%clk 1:20:20]} 8. c4 {[%clk 1:13:47]}  c6 {[%clk 1:16:55]} 9. e3 {[%clk 1:13:16]}  Ndf6 {[%clk 1:08:41]} 10. Qe2 {[%clk 1:10:51]}  Be6 {[%clk 1:01:45]} 11. Na3 {[%clk 1:07:30]}  h5 {[%clk 0:55:04]} 12. Nc2 {[%clk 1:06:58]}  Bg4 {[%clk 0:53:07]} 13. Qe1 {[%clk 1:00:32]}  Bxf3 {[%clk 0:51:36]} 14. Bxf3 {[%clk 1:00:59]}  Qb6 {[%clk 0:47:20]} 15. Be2 {[%clk 0:51:32]}  Qc7 {[%clk 0:41:12]} 16. Rc1 {[%clk 0:48:27]}  e6 {[%clk 0:38:46]} 17. Nb4 {[%clk 0:41:14]}  Bh6 {[%clk 0:36:06]} 18. Nd3 {[%clk 0:37:14]}  Kg7 {[%clk 0:32:29]} 19. Ne5 {[%clk 0:35:09]}  Nd7 {[%clk 0:27:20]} 20. Bd3 {[%clk 0:30:17]}  f5 {[%clk 0:23:40]} 21. cxd5 {[%clk 0:29:23]}  exd5 {[%clk 0:22:04]} 22. Rc2 {[%clk 0:29:23]}  Kh7 {[%clk 0:20:00]} 23. f3 {[%clk 0:28:44]}  Ng5 {[%clk 0:18:31]} 24. b4 {[%clk 0:26:20]}  a6 {[%clk 0:16:19]} 25. a4 {[%clk 0:26:39]}  Ne6 {[%clk 0:15:18]} 26. h3 {[%clk 0:24:10]}  Nxe5 {[%clk 0:11:32]} 27. dxe5 {[%clk 0:23:59]}  Bg7 {[%clk 0:11:15]} 28. f4 {[%clk 0:24:21]}  Qd7 {[%clk 0:11:07]} 29. g4 {[%clk 0:24:35]}  Qf7 {[%clk 0:07:47]} 30. Qh4 {[%clk 0:17:46]}  Rad8 {[%clk 0:07:06]} 31. Rg2 {[%clk 0:17:01]}  Bh6 {[%clk 0:05:50]} 32. gxf5 {[%clk 0:14:38]}  gxf5 {[%clk 0:05:58]} 33. Be2 {[%clk 0:14:55]}  Rg8 {[%clk 0:05:33]} 34. Rff2 {[%clk 0:14:59]}  Rxg2+ {[%clk 0:04:49]} 35. Rxg2 {[%clk 0:15:19]}  Rg8 {[%clk 0:05:07]} 36. Bxh5 {[%clk 0:13:28]}  Rxg2+ {[%clk 0:04:59]} 37. Kxg2 {[%clk 0:13:56]}  Qg7+ {[%clk 0:04:43]} 38. Qg3 {[%clk 0:10:10]}  Bxf4 {[%clk 0:04:32]} 39. Qxg7+ {[%clk 0:08:30]}  Kxg7 {[%clk 0:04:16]} 40. Kf3 {[%clk 0:07:46]}  Bg5 {[%clk 0:04:10]} 41. Be8 {[%clk 0:07:52]}  Be7 {[%clk 0:28:43]} 42. Bd7 {[%clk 0:37:45]}  Kf7 {[%clk 0:25:59]} 43. Bc8 {[%clk 0:35:21]}  b6 {[%clk 0:20:07]} 44. Bxa6 {[%clk 0:24:17]}  Bxb4 {[%clk 0:20:11]} 45. Bb7 {[%clk 0:24:40]}  Nd8 {[%clk 0:17:08]} 46. Bc8 {[%clk 0:24:58]}  Ne6 {[%clk 0:17:05]} 47. h4 {[%clk 0:25:11]}  Be7 {[%clk 0:16:02]} 48. h5 {[%clk 0:25:14]}  Bg5 {[%clk 0:16:25]} 49. Bxe6+ {[%clk 0:18:57]}  Kxe6 {[%clk 0:16:48]} 50. Bd4 {[%clk 0:19:23]}  c5 {[%clk 0:12:27]} 51. Bxc5 {[%clk 0:19:42]}  bxc5 {[%clk 0:12:26]} 52. a5 {[%clk 0:20:02]}  c4 {[%clk 0:08:57]} 53. Ke2 {[%clk 0:20:14]}  d4 {[%clk 0:05:56]} 54. exd4 {[%clk 0:17:26]}  f4 {[%clk 0:05:50]} 55. a6 {[%clk 0:17:47]}  f3+ {[%clk 0:03:32]} 56. Kxf3 {[%clk 0:17:24]}  c3 {[%clk 0:04:01]} 57. a7 {[%clk 0:17:45]}  c2 {[%clk 0:04:27]} 58. a8=Q {[%clk 0:18:10]}  c1=Q {[%clk 0:04:50]} 59. Qg8+ {[%clk 0:18:25]}  Ke7 {[%clk 0:04:33]} 60. Qg7+ {[%clk 0:18:47]}  Ke8 {[%clk 0:04:33]} 61. Qg6+ {[%clk 0:13:53]}  Kd8 {[%clk 0:04:11]} 62. Qd6+ {[%clk 0:14:14]}  Ke8 {[%clk 0:04:17]} 63. e6 {[%clk 0:13:14]}  Qd1+ {[%clk 0:03:06]} 64. Ke4 {[%clk 0:13:18]}  Qc2+ {[%clk 0:01:58]} 65. Kd5 {[%clk 0:12:46]}  Qg2+ {[%clk 0:02:06]} 66. Kc4 {[%clk 0:13:08]}  Qc2+ {[%clk 0:02:01]} 67. Kb5 {[%clk 0:13:20]}  Qb3+ {[%clk 0:02:00]} 68. Ka6 {[%clk 0:13:37]}  Qc4+ {[%clk 0:01:44]} 69. Kb7 {[%clk 0:12:48]}  Qb3+ {[%clk 0:00:46]} 70. Qb6 {[%clk 0:09:51]}  Qe3 {[%clk 0:00:41]} 71. d5 {[%clk 0:10:06]}  Qe4 {[%clk 0:00:40]} 72. Qc6+ {[%clk 0:10:21]}  Kf8 {[%clk 0:00:40]} 73. Kc8 {[%clk 0:10:17]}  Be7 {[%clk 0:00:45]} 74. Kd7 {[%clk 0:10:33]}  Qh4 {[%clk 0:00:32]} 75. d6 {[%clk 0:10:49]}  Qf6 {[%clk 0:00:31]} 76. Qa8+ {[%clk 0:10:05]}  Kg7 {[%clk 0:00:55]} 77. dxe7 {[%clk 0:10:28]}  Qd4+ {[%clk 0:01:03]} 78. Ke8 {[%clk 0:10:47]}  Kh6 {[%clk 0:01:16]} 79. Qf3 {[%clk 0:11:03]}  Qa4+ {[%clk 0:00:59]} 80. Kf8 {[%clk 0:11:16]}  Qb4 {[%clk 0:00:39]} 81. Kf7 {[%clk 0:11:39]}  Qb2 {[%clk 0:00:54]} 82. Qf6+ {[%clk 0:12:01]} 1-0

[Event "45th FIDE Chess Olympiad Open"]
[Site "Budapest, Hungary"]
[Date "2024.09.22"]
[Round "11"]
[White "Heron, Andrew"]
[Black "Levacic, Damir"]
[Result "1-0"]
[Board "199"]
[WhiteFideId "12000213"]
[BlackFideId "600180"]
[BlackTitle "IM"]
[WhiteElo "2026"]
[BlackElo "2097"]
[WhiteTeam "Liechtenstein"]
[BlackTeam "Monaco"]
[WhiteClock "0:13:20"]
[BlackClock "0:08:44"]
[Variant "Standard"]

1. e4 {[%clk 1:30:57]}  g6 {[%clk 1:30:21]} 2. d4 {[%clk 1:31:16]}  Bg7 {[%clk 1:29:56]} 3. Nf3 {[%clk 1:31:08]}  d6 {[%clk 1:30:11]} 4. Be2 {[%clk 1:30:53]}  Nf6 {[%clk 1:30:29]} 5. Nc3 {[%clk 1:31:17]}  O-O {[%clk 1:30:38]} 6. O-O {[%clk 1:31:38]}  c6 {[%clk 1:30:23]} 7. h3 {[%clk 1:27:37]}  Qc7 {[%clk 1:29:02]} 8. Be3 {[%clk 1:14:09]}  e5 {[%clk 1:26:08]} 9. Qd2 {[%clk 1:12:53]}  Re8 {[%clk 1:22:50]} 10. dxe5 {[%clk 1:11:23]}  dxe5 {[%clk 1:23:18]} 11. Rad1 {[%clk 1:11:30]}  Nbd7 {[%clk 1:20:09]} 12. a4 {[%clk 1:01:43]}  Nf8 {[%clk 1:12:18]} 13. Bc5 {[%clk 1:00:01]}  Nh5 {[%clk 1:08:13]} 14. Qe3 {[%clk 0:56:56]}  b6 {[%clk 0:59:27]} 15. Bd6 {[%clk 0:55:08]}  Qb7 {[%clk 0:59:55]} 16. a5 {[%clk 0:53:05]}  Nf4 {[%clk 0:57:33]} 17. Bc4 {[%clk 0:52:43]}  b5 {[%clk 0:52:11]} 18. Bb3 {[%clk 0:52:25]}  Be6 {[%clk 0:43:29]} 19. Bxe6 {[%clk 0:52:15]}  Rxe6 {[%clk 0:43:06]} 20. g3 {[%clk 0:49:10]}  Nh5 {[%clk 0:42:03]} 21. Rd2 {[%clk 0:45:36]}  Rd8 {[%clk 0:33:34]} 22. Rfd1 {[%clk 0:45:20]}  Ree8 {[%clk 0:32:20]} 23. Na2 {[%clk 0:41:07]}  f6 {[%clk 0:28:11]} 24. Nb4 {[%clk 0:33:36]}  Ne6 {[%clk 0:25:48]} 25. Bc5 {[%clk 0:30:28]}  Rxd2 {[%clk 0:23:44]} 26. Rxd2 {[%clk 0:30:54]}  Qc8 {[%clk 0:21:21]} 27. Bxa7 {[%clk 0:28:38]}  Bf8 {[%clk 0:18:43]} 28. c3 {[%clk 0:28:28]}  Nd4 {[%clk 0:13:16]} 29. cxd4 {[%clk 0:26:01]}  Qxh3 {[%clk 0:13:40]} 30. Nxc6 {[%clk 0:23:34]}  Nf4 {[%clk 0:09:11]} 31. gxf4 {[%clk 0:15:35]}  Bh6 {[%clk 0:08:44]} 32. Nfxe5 {[%clk 0:13:20]} 1-0

[Event "45th FIDE Chess Olympiad Open"]
[Site "Budapest, Hungary"]
[Date "2024.09.22"]
[Round "11"]
[White "Meylan, Andre"]
[Black "Frick, Renato"]
[Result "1/2-1/2"]
[Board "200"]
[WhiteFideId "1301225"]
[BlackFideId "12000027"]
[WhiteElo "2165"]
[BlackElo "1925"]
[WhiteTeam "Monaco"]
[BlackTeam "Liechtenstein"]
[WhiteClock "0:01:37"]
[BlackClock "0:06:28"]
[Variant "Standard"]

1. e4 {[%clk 1:30:57]}  c5 {[%clk 1:30:52]} 2. Nf3 {[%clk 1:31:21]}  d6 {[%clk 1:31:14]} 3. d4 {[%clk 1:31:48]}  cxd4 {[%clk 1:31:36]} 4. Nxd4 {[%clk 1:32:14]}  Nf6 {[%clk 1:31:56]} 5. Nc3 {[%clk 1:32:40]}  a6 {[%clk 1:32:19]} 6. a4 {[%clk 1:33:06]}  g6 {[%clk 1:30:53]} 7. Be2 {[%clk 1:33:11]}  Bg7 {[%clk 1:31:04]} 8. Be3 {[%clk 1:32:41]}  Nc6 {[%clk 1:31:13]} 9. O-O {[%clk 1:33:05]}  O-O {[%clk 1:31:04]} 10. Qd2 {[%clk 1:29:43]}  Ng4 {[%clk 1:25:09]} 11. Bxg4 {[%clk 1:29:38]}  Bxg4 {[%clk 1:25:31]} 12. f4 {[%clk 1:30:02]}  Bd7 {[%clk 1:17:10]} 13. Nd5 {[%clk 1:22:43]}  e6 {[%clk 1:11:13]} 14. Nc3 {[%clk 1:17:26]}  Qc7 {[%clk 1:06:01]} 15. Rad1 {[%clk 1:06:05]}  Na5 {[%clk 1:04:23]} 16. b3 {[%clk 1:06:28]}  Rac8 {[%clk 1:04:28]} 17. Nce2 {[%clk 1:03:07]}  Rfd8 {[%clk 0:50:03]} 18. Ng3 {[%clk 0:59:26]}  e5 {[%clk 0:40:48]} 19. Nf3 {[%clk 0:53:32]}  Bg4 {[%clk 0:33:11]} 20. Rc1 {[%clk 0:45:16]}  exf4 {[%clk 0:21:55]} 21. Bxf4 {[%clk 0:45:13]}  Bc3 {[%clk 0:21:11]} 22. Qf2 {[%clk 0:43:00]}  Nc6 {[%clk 0:15:09]} 23. Ne2 {[%clk 0:37:20]}  Bg7 {[%clk 0:09:09]} 24. c4 {[%clk 0:35:12]}  Qe7 {[%clk 0:06:58]} 25. Ng3 {[%clk 0:32:31]}  Ne5 {[%clk 0:05:59]} 26. Qe3 {[%clk 0:28:27]}  f6 {[%clk 0:04:16]} 27. Nd4 {[%clk 0:25:20]}  Re8 {[%clk 0:02:56]} 28. Qd2 {[%clk 0:24:04]}  Bd7 {[%clk 0:02:11]} 29. Rcd1 {[%clk 0:21:38]}  Bg4 {[%clk 0:02:08]} 30. Rde1 {[%clk 0:20:24]}  Nf7 {[%clk 0:02:19]} 31. Nc2 {[%clk 0:18:48]}  Bd7 {[%clk 0:02:35]} 32. Nb4 {[%clk 0:14:18]}  Bc6 {[%clk 0:02:40]} 33. Be3 {[%clk 0:13:15]}  Qd7 {[%clk 0:01:12]} 34. Bd4 {[%clk 0:13:09]}  Ne5 {[%clk 0:01:19]} 35. Ne2 {[%clk 0:13:17]}  Bxe4 {[%clk 0:01:32]} 36. Nf4 {[%clk 0:13:15]}  Nc6 {[%clk 0:01:10]} 37. Bc3 {[%clk 0:12:54]}  f5 {[%clk 0:01:03]} 38. Nbd5 {[%clk 0:12:40]}  Qf7 {[%clk 0:00:56]} 39. b4 {[%clk 0:11:05]}  Bxc3 {[%clk 0:00:36]} 40. Qxc3 {[%clk 0:10:57]}  Re5 {[%clk 0:00:32]} 41. b5 {[%clk 0:01:35]}  Ne7 {[%clk 0:24:59]} 42. Nb6 {[%clk 0:30:22]}  Rd8 {[%clk 0:15:32]} 43. Rd1 {[%clk 0:30:09]}  g5 {[%clk 0:14:40]} 44. Qxe5 {[%clk 0:25:09]}  dxe5 {[%clk 0:15:02]} 45. Rxd8+ {[%clk 0:25:35]}  Kg7 {[%clk 0:15:23]} 46. Nfd5 {[%clk 0:25:50]}  Nxd5 {[%clk 0:09:47]} 47. Nxd5 {[%clk 0:26:14]}  Qh5 {[%clk 0:09:38]} 48. Rd7+ {[%clk 0:24:18]}  Kf8 {[%clk 0:08:56]} 49. Nf6 {[%clk 0:22:56]}  Qe2 {[%clk 0:09:16]} 50. Nxh7+ {[%clk 0:23:20]}  Kg8 {[%clk 0:09:21]} 51. Nf6+ {[%clk 0:23:43]}  Kf8 {[%clk 0:09:45]} 52. Nxe4 {[%clk 0:20:38]}  Qxe4 {[%clk 0:09:58]} 53. Rc7 {[%clk 0:20:59]}  Qe3+ {[%clk 0:08:04]} 54. Kh1 {[%clk 0:19:57]}  Qd3 {[%clk 0:08:09]} 55. Rg1 {[%clk 0:18:06]}  f4 {[%clk 0:05:49]} 56. Rc8+ {[%clk 0:11:15]}  Kf7 {[%clk 0:04:55]} 57. bxa6 {[%clk 0:06:57]}  bxa6 {[%clk 0:04:43]} 58. Rc7+ {[%clk 0:05:39]}  Kf8 {[%clk 0:03:35]} 59. Rb7 {[%clk 0:05:06]}  f3 {[%clk 0:02:55]} 60. Rb2 {[%clk 0:05:23]}  e4 {[%clk 0:02:39]} 61. gxf3 {[%clk 0:04:25]}  Qxf3+ {[%clk 0:02:59]} 62. Rbg2 {[%clk 0:04:52]}  e3 {[%clk 0:03:14]} 63. Re1 {[%clk 0:04:54]}  Ke7 {[%clk 0:03:15]} 64. Kg1 {[%clk 0:04:49]}  Kd6 {[%clk 0:03:25]} 65. Rge2 {[%clk 0:03:18]}  Qg4+ {[%clk 0:03:46]} 66. Rg2 {[%clk 0:03:45]}  Qf3 {[%clk 0:04:06]} 67. Rge2 {[%clk 0:02:24]}  Qg4+ {[%clk 0:04:30]} 68. Kh1 {[%clk 0:01:57]}  Qf3+ {[%clk 0:04:52]} 69. Kg1 {[%clk 0:02:21]}  Qg4+ {[%clk 0:05:19]} 70. Kh1 {[%clk 0:02:10]}  Qf3+ {[%clk 0:05:43]} 71. Rg2 {[%clk 0:02:27]}  Kc5 {[%clk 0:05:22]} 72. Kg1 {[%clk 0:02:37]}  Kd4 {[%clk 0:05:30]} 73. c5 {[%clk 0:02:14]}  Kxc5 {[%clk 0:05:42]} 74. Rxg5+ {[%clk 0:02:38]}  Kb4 {[%clk 0:05:48]} 75. Rg2 {[%clk 0:02:25]}  Kxa4 {[%clk 0:05:52]} 76. h4 {[%clk 0:01:52]}  Kb3 {[%clk 0:06:03]} 77. h5 {[%clk 0:01:53]}  Qxh5 {[%clk 0:06:12]} 78. Rxe3+ {[%clk 0:02:04]}  Kc4 {[%clk 0:06:25]} 79. Re4+ {[%clk 0:02:01]}  Kd3 {[%clk 0:06:27]} 80. Reg4 {[%clk 0:01:53]}  Qc5+ {[%clk 0:06:46]} 81. Rf2 {[%clk 0:01:25]}  a5 {[%clk 0:06:16]} 82. Rg3+ {[%clk 0:01:14]}  Kc4 {[%clk 0:04:37]} 83. Kg2 {[%clk 0:01:13]}  Qd5+ {[%clk 0:04:56]} 84. Rff3 {[%clk 0:01:04]}  Qd2+ {[%clk 0:05:06]} 85. Kh3 {[%clk 0:01:12]}  Qh6+ {[%clk 0:05:32]} 86. Kg2 {[%clk 0:01:33]}  Qd2+ {[%clk 0:05:48]} 87. Kh3 {[%clk 0:01:59]}  Qh6+ {[%clk 0:06:06]} 88. Kg2 {[%clk 0:01:37]}  Qd2+ {[%clk 0:06:28]} 1/2-1/2

[Event "45th FIDE Chess Olympiad Open"]
[Site "Budapest, Hungary"]
[Date "2024.09.22"]
[Round "11"]
[White "Oatlhotse, Providence"]
[Black "Khusenkhojaev, Mustafokhuja"]
[Result "0-1"]
[Board "201"]
[WhiteFideId "11300507"]
[BlackFideId "14700727"]
[WhiteTitle "IM"]
[BlackTitle "FM"]
[WhiteElo "2239"]
[BlackElo "2283"]
[WhiteTeam "Botswana"]
[BlackTeam "Tajikistan"]
[WhiteClock "0:00:32"]
[BlackClock "0:47:57"]
[Variant "Standard"]

1. Nf3 {[%clk 1:30:57]}  Nf6 {[%clk 1:30:51]} 2. g3 {[%clk 1:30:05]}  d5 {[%clk 1:31:01]} 3. Bg2 {[%clk 1:30:27]}  c5 {[%clk 1:31:11]} 4. O-O {[%clk 1:30:43]}  g6 {[%clk 1:31:30]} 5. d3 {[%clk 1:30:52]}  Bg7 {[%clk 1:31:48]} 6. Nbd2 {[%clk 1:31:18]}  O-O {[%clk 1:31:57]} 7. e4 {[%clk 1:31:43]}  Nc6 {[%clk 1:32:07]} 8. Re1 {[%clk 1:28:41]}  e5 {[%clk 1:32:22]} 9. c3 {[%clk 1:27:09]}  d4 {[%clk 1:30:47]} 10. cxd4 {[%clk 1:21:20]}  cxd4 {[%clk 1:27:29]} 11. Nc4 {[%clk 1:21:21]}  Qc7 {[%clk 1:26:44]} 12. a4 {[%clk 1:21:13]}  Be6 {[%clk 1:20:18]} 13. b3 {[%clk 1:21:07]}  Bxc4 {[%clk 1:19:50]} 14. bxc4 {[%clk 1:18:23]}  Nd7 {[%clk 1:20:03]} 15. h4 {[%clk 1:09:50]}  Rfe8 {[%clk 1:16:46]} 16. h5 {[%clk 1:07:51]}  Nb4 {[%clk 1:07:05]} 17. Nh2 {[%clk 1:02:16]}  Nc5 {[%clk 1:06:51]} 18. Bf1 {[%clk 1:01:23]}  f5 {[%clk 1:03:20]} 19. f3 {[%clk 0:49:58]}  a5 {[%clk 0:59:48]} 20. Ra3 {[%clk 0:44:31]}  Ra6 {[%clk 0:57:25]} 21. Re2 {[%clk 0:43:56]}  f4 {[%clk 0:56:53]} 22. gxf4 {[%clk 0:41:18]}  exf4 {[%clk 0:56:15]} 23. Bh3 {[%clk 0:40:17]}  gxh5 {[%clk 0:53:55]} 24. Bf5 {[%clk 0:35:36]}  Be5 {[%clk 0:54:04]} 25. Nf1 {[%clk 0:27:06]}  Kh8 {[%clk 0:53:39]} 26. Rh2 {[%clk 0:23:31]}  Rg8+ {[%clk 0:53:37]} 27. Kf2 {[%clk 0:23:50]}  Qg7 {[%clk 0:47:47]} 28. Ke1 {[%clk 0:22:38]}  Qg1 {[%clk 0:47:49]} 29. Qe2 {[%clk 0:22:22]}  Rg5 {[%clk 0:48:07]} 30. Kd1 {[%clk 0:21:40]}  Ra8 {[%clk 0:47:29]} 31. Bd2 {[%clk 0:15:13]}  Rag8 {[%clk 0:47:06]} 32. Bh3 {[%clk 0:15:12]}  Rg3 {[%clk 0:47:08]} 33. Bf5 {[%clk 0:02:39]}  Rg2 {[%clk 0:45:55]} 34. Rxh5 {[%clk 0:02:40]}  R8g7 {[%clk 0:46:16]} 35. Qe1 {[%clk 0:02:12]}  Rf2 {[%clk 0:46:34]} 36. Rh1 {[%clk 0:00:34]}  Qxh1 {[%clk 0:46:59]} 37. Qxf2 {[%clk 0:00:59]}  Rg2 {[%clk 0:47:20]} 38. Qe1 {[%clk 0:00:31]}  Nbxd3 {[%clk 0:47:37]} 39. Bxf4 {[%clk 0:00:32]}  Bxf4 {[%clk 0:47:57]} 0-1

[Event "45th FIDE Chess Olympiad Open"]
[Site "Budapest, Hungary"]
[Date "2024.09.22"]
[Round "11"]
[White "Karimov, Alisher"]
[Black "Notha, Moakofi"]
[Result "1-0"]
[Board "202"]
[WhiteFideId "14700280"]
[BlackFideId "11300710"]
[WhiteTitle "FM"]
[WhiteElo "2240"]
[BlackElo "1996"]
[WhiteTeam "Tajikistan"]
[BlackTeam "Botswana"]
[WhiteClock "0:02:00"]
[BlackClock "0:00:34"]
[Variant "Standard"]

1. Nf3 {[%clk 1:30:57]}  Nf6 {[%clk 1:30:53]} 2. g3 {[%clk 1:31:20]}  d5 {[%clk 1:31:00]} 3. Bg2 {[%clk 1:31:45]}  e6 {[%clk 1:31:24]} 4. c4 {[%clk 1:31:38]}  b6 {[%clk 1:31:31]} 5. O-O {[%clk 1:30:37]}  Be7 {[%clk 1:31:02]} 6. d4 {[%clk 1:29:15]}  O-O {[%clk 1:30:37]} 7. Nc3 {[%clk 1:28:25]}  c6 {[%clk 1:28:58]} 8. Ne5 {[%clk 1:26:41]}  Nfd7 {[%clk 1:23:45]} 9. Bf4 {[%clk 1:23:03]}  Ba6 {[%clk 1:18:26]} 10. cxd5 {[%clk 1:22:11]}  Nxe5 {[%clk 1:17:14]} 11. dxc6 {[%clk 1:12:31]}  Nbxc6 {[%clk 1:10:01]} 12. dxe5 {[%clk 1:12:40]}  Bb7 {[%clk 1:03:57]} 13. Qa4 {[%clk 1:10:13]}  Na5 {[%clk 1:00:01]} 14. Rfd1 {[%clk 1:06:34]}  Qe8 {[%clk 0:59:24]} 15. Qxe8 {[%clk 1:02:53]}  Rfxe8 {[%clk 0:59:43]} 16. Ne4 {[%clk 1:02:44]}  Bxe4 {[%clk 0:47:54]} 17. Bxe4 {[%clk 1:03:00]}  Rad8 {[%clk 0:48:12]} 18. Rd3 {[%clk 0:50:49]}  Nc4 {[%clk 0:42:47]} 19. b3 {[%clk 0:45:41]}  Na3 {[%clk 0:41:06]} 20. Rc1 {[%clk 0:44:08]}  Bc5 {[%clk 0:28:57]} 21. Rcd1 {[%clk 0:42:53]}  Rc8 {[%clk 0:20:54]} 22. Kg2 {[%clk 0:35:53]}  h6 {[%clk 0:08:53]} 23. h4 {[%clk 0:32:55]}  Kf8 {[%clk 0:06:34]} 24. Rd7 {[%clk 0:23:05]}  Re7 {[%clk 0:05:35]} 25. Rd8+ {[%clk 0:18:35]}  Rxd8 {[%clk 0:03:34]} 26. Rxd8+ {[%clk 0:18:57]}  Re8 {[%clk 0:04:03]} 27. Rd1 {[%clk 0:18:07]}  Ke7 {[%clk 0:03:32]} 28. Bd3 {[%clk 0:14:18]}  Rd8 {[%clk 0:03:16]} 29. Rc1 {[%clk 0:13:59]}  Rd7 {[%clk 0:01:30]} 30. Kf3 {[%clk 0:13:07]}  Kd8 {[%clk 0:01:49]} 31. h5 {[%clk 0:10:40]}  Bd4 {[%clk 0:01:50]} 32. Rc6 {[%clk 0:07:02]}  Bc5 {[%clk 0:01:54]} 33. Bc1 {[%clk 0:05:26]}  Rc7 {[%clk 0:02:08]} 34. Rxc5 {[%clk 0:03:40]}  Rxc5 {[%clk 0:02:34]} 35. Bxa3 {[%clk 0:04:01]}  Rxe5 {[%clk 0:03:03]} 36. g4 {[%clk 0:02:40]}  f5 {[%clk 0:01:29]} 37. gxf5 {[%clk 0:01:55]}  exf5 {[%clk 0:01:45]} 38. Bf8 {[%clk 0:02:02]}  Re6 {[%clk 0:00:33]} 39. Bxg7 {[%clk 0:02:02]}  f4 {[%clk 0:00:47]} 40. Bg6 {[%clk 0:01:53]}  Ke7 {[%clk 0:00:34]} 41. Bxh6 {[%clk 0:02:00]} 1-0